| 000 | 00655nam a2200253Ia 4500 | ||
|---|---|---|---|
| 008 | 160803s9999 xx 000 0 und d | ||
| 020 | _a9780590273893 | ||
| 100 | _aSchreiber, Anne | ||
| 245 | _aLog Hotel / | ||
| 245 | _cwritten by Anne Schreiber ; illustrated by Debbie Pinkney. | ||
| 260 | _aNew York : | ||
| 260 | _bScholastic Inc. | ||
| 260 | _c1994 | ||
| 300 | _a24 pages : | ||
| 300 | _bcolor illustrations ; | ||
| 300 | _c24 cm. | ||
| 650 | _aForest ecology -- | ||
| 650 | _aForest ecology. | ||
| 650 | _aTrees -- | ||
| 650 | _aTrees. | ||
| 650 | _xJuvenile literature. | ||
| 650 | _xJuvenile literature. | ||
| 700 | _a460 | ||
| 999 |
_c298203 _d298203 |
||